| 000 | 01158cam a22003733a 4500 | ||
|---|---|---|---|
| 001 | 0000749 | ||
| 003 | DO-SdBPM | ||
| 005 | 20250722124034.0 | ||
| 007 | ta | ||
| 008 | 8611122008 mx a 000 0 spa d | ||
| 010 | _a | ||
| 020 | _a9788420465746 | ||
| 040 |
_aDO-SdBPM _cspa _dBPMSU _erda _d |
||
| 082 | 4 |
_aA863.6 _bP473f 2008 _222 |
|
| 100 | 1 |
_aPescetti, Luis M. _d1958- _eautor |
|
| 245 | 1 | 0 |
_aFrin / _cLuis M. Pescetti ; ilustraciones O´kif |
| 250 | _a5a. ed. | ||
| 260 | _b | ||
| 264 |
_aMéxico : _bSantillana ediciones generales, _c2008. |
||
| 300 |
_a190 páginas : _bilustraciones ; _c20 cm. |
||
| 336 |
_atexto _btxt _2rdacontent |
||
| 337 |
_asin mediación _bn _2rdamedia |
||
| 338 |
_avolumen _bnc _2rdacarrier |
||
| 490 | 0 | _aAlfaguara juvenil | |
| 500 | _aIncluye datos biográficos del autor. | ||
| 500 | _aLiteratura para niños a partir de los 12 años. | ||
| 590 | _aInventariado, 2025/VM | ||
| 650 | 7 | _aNovela juvenil argentina. | |
| 650 | 7 | _aNovela juvenil argentina. | |
| 650 | 7 |
_aTimidez _vNovela juvenil. |
|
| 700 | 1 |
_aO´kif _eilustración |
|
| 910 | _aVMateo V. Control de calidad. BPMSU | ||
| 942 |
_2ddc _cBK |
||
| 999 |
_c11666 _d11666 |
||